000
00271nam a22001097a 4500
082
_a
621.388332 HAN
100
_a
HANSON, JARICE
_9
67164
245
_a
UNDERSTANDING VIDEO, APPLICATIONS, IMPACT, AND THEROY
260
_a
LONDON
_b
SAGE
_c
1987
300
_a
135P
942
_c
BK
999
_c
575004
_d
575004